The continuation war 1941-1944 as a metanoic moment : (Record no. 145916)
[ view plain ]
| 000 -LEADER | |
|---|---|
| fixed length control field | 01799nam a22004211i 4500 |
| 001 - CONTROL NUMBER | |
| control field | ebr10808010 |
| 003 - CONTROL NUMBER IDENTIFIER | |
| control field | CaPaEBR |
| 006 - FIXED-LENGTH DATA ELEMENTS--ADDITIONAL MATERIAL CHARACTERISTICS--GENERAL INFORMATION | |
| fixed length control field | m o d |
| 007 - PHYSICAL DESCRIPTION FIXED FIELD--GENERAL INFORMATION | |
| fixed length control field | cr cn||||||||| |
| 008 - FIXED-LENGTH DATA ELEMENTS--GENERAL INFORMATION | |
| fixed length control field | 130710t20132013nyua ob 000 0 eng d |
| 020 ## - INTERNATIONAL STANDARD BOOK NUMBER | |
| International Standard Book Number | 9783653030723 (e-book) |
| Cancelled/invalid ISBN | 9783631641279 |
| 040 ## - CATALOGING SOURCE | |
| Original cataloging agency | CaPaEBR |
| Language of cataloging | eng |
| Description conventions | rda |
| -- | pn |
| Transcribing agency | CaPaEBR |
| 035 ## - SYSTEM CONTROL NUMBER | |
| System control number | (OCoLC)868916614 |
| 043 ## - GEOGRAPHIC AREA CODE | |
| Geographic area code | e-fi--- |
| 050 14 - LIBRARY OF CONGRESS CALL NUMBER | |
| Classification number | BX8029 |
| Item number | .T55 2013eb |
| 082 04 - DEWEY DECIMAL CLASSIFICATION NUMBER | |
| Classification number | 284.1/489709044 |
| Edition number | 23 |
| 100 1# - MAIN ENTRY--PERSONAL NAME | |
| Personal name | Tilli, Jouni, |
| Dates associated with a name | 1979- |
| 245 14 - TITLE STATEMENT | |
| Title | The continuation war 1941-1944 as a metanoic moment : |
| Remainder of title | a Burkean reading of Finnish clerical rhetoric / |
| Statement of responsibility, etc | Jouni Tilli. |
| 250 ## - EDITION STATEMENT | |
| Edition statement | First edition. |
| 264 #1 - PRODUCTION, PUBLICATION, DISTRIBUTION, MANUFACTURE, AND COPYRIGHT NOTICE | |
| Place of production, publication, distribution, manufacture | New York : |
| Name of producer, publisher, distributor, manufacturer | Peter Lang, |
| Date of production, publication, distribution, manufacture, or copyright notice | [2013] |
| Date of production, publication, distribution, manufacture, or copyright notice | �2013 |
| 300 ## - PHYSICAL DESCRIPTION | |
| Extent | 1 online resource (248 pages) : |
| Other physical details | illustrations |
| 336 ## - CONTENT TYPE | |
| Content type term | text |
| Source | rdacontent |
| 337 ## - MEDIA TYPE | |
| Media type term | computer |
| Source | rdamedia |
| 338 ## - CARRIER TYPE | |
| Carrier type term | online resource |
| Source | rdacarrier |
| 504 ## - BIBLIOGRAPHY, ETC. NOTE | |
| Bibliography, etc | Includes bibliographical references. |
| 588 ## - SOURCE OF DESCRIPTION NOTE | |
| Source of description note | Description based on print version record. |
| 590 ## - LOCAL NOTE (RLIN) | |
| Local note | Electronic reproduction. Palo Alto, Calif. : ebrary, 2014. Available via World Wide Web. Access may be limited to ebrary affiliated libraries. |
| 600 10 - SUBJECT ADDED ENTRY--PERSONAL NAME | |
| Personal name | Burke, Kenneth, |
| Dates associated with a name | 1897-1993. |
| 650 #0 - SUBJECT ADDED ENTRY--TOPICAL TERM | |
| Topical term or geographic name as entry element | Continuation War, 1941-1944. |
| Topical term or geographic name as entry element | War |
| General subdivision | Religious aspects |
| -- | Lutheran Church. |
| Topical term or geographic name as entry element | Lutheran Church |
| General subdivision | Political activity |
| Geographic subdivision | Finland |
| General subdivision | History |
| Chronological subdivision | 20th century. |
| 655 #0 - INDEX TERM--GENRE/FORM | |
| Genre/form data or focus term | Electronic books. |
| 776 08 - ADDITIONAL PHYSICAL FORM ENTRY | |
| Display text | Print version: |
| Main entry heading | Tilli, Jouni, 1979- |
| Title | Continuation war 1941-1944 as a metanoic moment. |
| Place, publisher, and date of publication | New York : Peter Lang, [2013] |
| Physical description | 247 pages : illustrations |
| International Standard Book Number | 9783631641279 |
| Record control number | (DLC) 2013019752 |
| 797 2# - LOCAL ADDED ENTRY--CORPORATE NAME (RLIN) | |
| Corporate name or jurisdiction name as entry element | ebrary. |
| 856 40 - ELECTRONIC LOCATION AND ACCESS | |
| Uniform Resource Identifier | <a href="http://site.ebrary.com/lib/rucke/Doc?id=10808010">http://site.ebrary.com/lib/rucke/Doc?id=10808010</a> |
| Public note | An electronic book accessible through the World Wide Web; click to view |
No items available.
